| 000 | 01097cab a22002295a 4500 | ||
|---|---|---|---|
| 001 | L159056 | ||
| 008 | 130731e2015 xxk 000 0 eng d | ||
| 035 | _a(Sirsi) u159056 | ||
| 041 | 0 | _aeng | |
| 110 | 1 |
_aUnited Kingdom _bDepartment for Communities and Local Government _94939 |
|
| 245 | 0 | 0 |
_aTechnical housing standards - nationally described space standard _h[electronic resource] |
| 260 |
_bDCLG _c2015 |
||
| 520 | _aThis nationally described space standard will replace the existing different space standards used by local authorities. It is not a building regulation and remains solely within the planning system as a new form of technical planning standard. | ||
| 590 | _aKA | ||
| 650 | 2 | 4 | _aHOUSING STANDARDS |
| 650 | 2 | 4 | _aSPACE |
| 650 | 2 | 4 | _aLOCAL AUTHORITY BUILDING CONTROL |
| 651 | 4 |
_aUnited Kingdom _y |
|
| 690 |
_aPlanning and development _96259 |
||
| 856 | 4 | 0 |
_uhttps://www.gov.uk/government/uploads/system/uploads/attachment_data/file/421515/150324_-_Nationally_Described_Space_Standard____Final_Web_version.pdf _zView the item free of charge at the www.gov.uk |
| 942 | _n0 | ||
| 999 |
_c115652 _d115652 |
||